000
00214nam a2200085Ia 4500
008
120527s9999 xx 000 0 und d
100
_a
IWE,O. Maduebisi
245
_a
The science and technology of soybean
942
_c
BK
999
_c
25233
_d
25233